000
00325nam a2200133Ia 4500
005
20260326100040.0
008
260326s9999||||xx |||||||||||||| ||und||
100
_a
Henn, Walter
245
0
_a
Henn Industriebau /
_c
Walter Henn
260
_b
Georg D.W. Callwey
300
_a
372 p.
650
_a
ARQUITECTURA CIVIL
942
_c
BK
999
_c
6959
_d
6959